| 000 | 00466nam a22001937a 4500 | ||
|---|---|---|---|
| 003 | CEME | ||
| 005 | 20210628202957.0 | ||
| 008 | 210215b xxu||||| |||| 00| 0 eng d | ||
| 020 | _a1-86152-536-2 | ||
| 040 | _c. | ||
| 082 | _a657.42 DRU | ||
| 100 |
_aDrury, Colin _962676 |
||
| 245 | _aManagement and cost accounting | ||
| 250 | _a5TH | ||
| 260 |
_aUK _bTHOMSON LEARNING _c2000 |
||
| 300 | _aXXXI,1194P | ||
| 650 |
_aCOST ACCOUNTING _93587 |
||
| 942 |
_cBK _2ddc |
||
| 999 |
_c571712 _d571712 |
||